000 00485cam a22001097a 4500
008 180718b1968 xxu||||| |||| 00| 0 eng d
082 _aR22x54 In2Ei
245 _aReport of the central wage board for engineering indutries
_cby Ministry of Labour, Employment and Rehabilitation, Department of Labour and Employment
260 _aBombay
_bGovernment of India
_c1968
300 _a361p
700 _aIndia. Ministry of Labour, Employment and Rehabilitation, Department of Labour and Employment
999 _c495932
_d495932